000 00363nam a2200133Ia 4500
008 150202s9999 xx 000 0 und d
020 _a515116831
050 _aFIC
_bFIC
100 _aFrancis Lee, Linda.
245 4 _aThe wallflower /
_cLinda Francis Lee.
260 _aNew York :
_bJove Books,
_c1995.
300 _a263 pages :
_c18 cm.
650 _aFiction.
999 _c282201
_d282201